000 00297nam a22001457a 4500
008 230522b ||||| |||| 00| 0 eng d
020 _a9782889080960
041 _aeng
080 _a82
082 _a82NAN
100 _a38
101 _aGJL
245 _aMISTRAL
_cNANETTI.A
942 _2udc
_cBK
999 _c59784
_d59784